| 000 | 00934nam a22003017a 4500 | ||
|---|---|---|---|
| 001 | 6552 | ||
| 003 | FISKH | ||
| 005 | 20250509102204.0 | ||
| 008 | 250509b cb ||||| |||| 00| 0 eng d | ||
| 020 | _a9780590420563 | ||
| 040 |
_aFISKH _beng _cFISKH _dFISKH |
||
| 050 | _aPZ7.C429 W | ||
| 082 | _a466 | ||
| 100 |
_aChew, Ruth _d(1920–2010) |
||
| 245 |
_aThe witch and the ring / _cBy Ruth Chew ; Illustrations by the author |
||
| 250 | _aThis edition first published in 1989 | ||
| 260 |
_aNew York : _bScholastic, _c1989 |
||
| 300 |
_a126 pages : _billustrations ; _c20 cm |
||
| 505 | _aR | ||
| 520 | _aA sister and brother find a ring that brings a special cat, a witch, and a series of adventures into their lives. | ||
| 521 | 8 |
_a750
_bLexile |
|
| 521 | 8 |
_aR
_bRaz-Plus |
|
| 650 |
_2Fantasy _aMagic |
||
| 650 |
_2Children _aWitch |
||
| 700 |
_aChew, Ruth _dillustrator |
||
| 942 |
_2ddc _cBK _n0 |
||
| 999 |
_c6552 _d6552 |
||